[Event "Western States op"]
[Site "Reno"]
[Date "1992.10.31"]
[Round "4"]
[White "Franett, Michael"]
[Black "Thinnsen, James A"]
[Result "1-0"]
[WhiteElo "2243"]
[BlackElo "2439"]
[Annotator "John Donaldson"]
[PlyCount "67"]
[EventDate "1992.10.30"]
[EventType "swiss"]
[EventRounds "6"]
[EventCountry "USA"]

{[%evp 0,67,27,27,27,4,-4,-3,27,29,37,33,33,-9,8,8,16,14,21,33,23,21,31,28,40,
36,47,53,42,41,50,50,48,48,107,89,95,111,116,95,95,103,58,69,163,19,19,0,3,12,
227,235,247,-72,-64,-111,-85,-109,-109,-97,-97,-66,28,0,1030,1106,1518,1518,
1518,714] Mike Franett started his chess career in the late 1950s at the
Seattle Chess Club and Olaf Ulvestad's Chess Center, but it was not until the
early 1970s that hereached the peak of his powers, winning three state
championships in four years. That was Mike's highwater mark as a player, but
his greatest service to chess began in 1988 when he accepted the position of
editor for Yasser Seirawan's magazine Inside Chess. He served in the capacity
until the magazine ended in early 2000, along the way editing close to 10,000
pages! Here three-time Washington state champion Mike Franett is matched
against Southern California Senior Master James Thinnsen who learns the hard
way why Mike, who was around 6'5'', was affectionately nickamed the Grizzly
Bear (Ursus arctos horribilis) around the Inside Chess office.} 1. d4 Nf6 2. c4
e6 3. Nc3 Bb4 4. e3 O-O 5. Bd3 b6 6. Qa4 $5 {This seems to be a novelty in
this position where 6.Nge2 and 6.Nf3 are normally seen. The queen doesn't seem
to be particularly well placed here, but it soon retreats to c2 and White has
a winning position in less than twenty moves!} Bxc3+ 7. bxc3 Bb7 8. f3 c5 9.
Ne2 d6 10. O-O Nc6 11. e4 Na5 (11... Ne8 {, along the lines of the Saemisch
Nimzo-Indian (4.a3) was worth a thought but in this case Black might have
wanted to defer playing ...d6 to keep that square free for the knight.}) 12.
Bg5 Qe8 $6 {What could be more natural than offering a trade of queens and
breaking the pin and yet this move is the start of Black's troubles.} (12...
Rc8 {was more prudent.}) 13. Qc2 Nd7 14. Ng3 Ba6 15. Qe2 Rc8 16. Rac1 Nb8 $2 {
[#]} ({Black needed to go on defense with} 16... f6 17. Be3 Rf7 {After the
text move Black has few defenders around his king and White immediately starts
a powerful attack.}) 17. e5 $1 dxe5 18. dxe5 f5 {This shouldn't save Black,
but it offers the best chance to put up some resistance.} ({Instead} 18... Bb7
{is met by the shot} 19. Bf6 $1 {and Black has no defense. For example:} gxf6 (
19... Nd7 20. Qe3) 20. Nh5 Nd7 21. Qe3 {winning.}) ({Trying to win the c-pawn
is much too slow:} 18... Qa4 19. Qe4 g6 20. Qh4 Bxc4 21. Bf6 h5 22. Qg5 {
and White's attack is successful - not suprising has four pieces have the lone
king cornered.}) 19. exf6 gxf6 20. Qe4 Qd7 21. Bh6 f5 22. Qe3 Rf6 23. Rcd1 Qf7
24. Bg5 {[#]} ({The text is perfectly fine and trhe human choice. Stockfish 12
points out a faster knockout blow with} 24. Ne4 $1 {which is not actually that
surprising with knights on a5 and b8 and a bishop on a6.} fxe4 25. fxe4 Bxc4
26. Bxc4 Nxc4 27. Qg5+ Qg6 (27... Rg6 28. Rd8+) 28. Rxf6) 24... f4 25. Qe5 Nd7
{[#]} 26. Qd6 $2 {White, with the possible exception of his experimental sixth
move, has played a near perfect game up to this point but here he misses a
pretty combination that exploits Black's overloaded queen.} (26. Bxh7+ $1 Kxh7
(26... Qxh7 27. Rxd7 Rf7 28. Ne4) 27. Rxd7) 26... fxg3 {Now Black is back in
the game...} 27. Qxg3 {...but not for long! Here he misses his chance and
never gets another opportunity to save himself.} Rg6 $2 ({Correct was} 27...
Qg7 28. Bxh7+ Kxh7 29. Rxd7 (29. Qh4+ Kg6 30. Rxd7 Qxd7 31. Bxf6 Rg8 32. Be5 {
transposes.}) 29... Qxd7 30. Bxf6 Rg8 31. Qh4+ Kg6 32. Be5 Nxc4 33. Qe4+ Kh6
34. Qh4+ $11 {and White has perpetual check, but nothing more.}) 28. Bxg6 hxg6
29. Rfe1 Bxc4 {[#]} 30. Re4 $1 {This rook lift spells the end for Thinnsen.} e5
$2 {This loses right away, but even tougher tries fail. For example:} (30...
Re8 31. Rf4 Qg7 32. Rg4 Nf8 33. Qh4 Nh7 34. Bh6 Qf7 35. Rf4 {and Black has no
moves as} Qe7 {is met by} 36. Qxe7 Rxe7 37. Rd8+) ({or} 30... Bxa2 31. Rh4 Nf8
32. Rh6 Nc6 33. Qh4 Nh7 34. Rd7 $1 Qxd7 35. Rxg6+ Kf8 36. Qh6+) 31. Rh4 Be6 32.
Rxd7 $1 Bxd7 (32... Qxd7 33. Qxe5 Qd1+ 34. Kf2 Qc2+ 35. Kg3 {and the checks
run out. Once again Black has no pieces near his king.}) 33. Qxe5 Qg7 34. Bf6
1-0

[Event "Apropos Adult Swiss #5"]
[Site "Chess.com"]
[Date "2021.01.16"]
[Round "2"]
[White "Thompson, Cameron"]
[Black "Schill, William"]
[Result "0-1"]
[WhiteElo "1748"]
[BlackElo "2253"]
[Annotator "William Schill"]
[PlyCount "108"]
[EventDate "2021.01.16"]
[EventType "swiss"]
[EventRounds "5"]

{[%evp 0,108,19,19,19,13,40,37,37,37,37,42,46,43,31,29,73,65,57,57,57,29,28,33,
27,21,19,19,46,53,97,69,107,10,0,0,77,71,39,52,61,-85,-85,-123,-206,-199,-171,
-171,-142,-140,-140,-140,-100,-113,-95,-95,12,0,7,7,0,0,0,0,0,0,0,0,0,0,0,0,0,
0,11,11,11,0,0,0,0,0,0,-6,-6,-42,-39,-339,-337,-343,-341,-459,-502,-510,-531,
-567,-409,-430,-501,-506,-517,-548,-489,-507,-426,-398,-444,-450,-461,-599,
-634]} 1. d4 Nf6 2. c4 g6 3. Nc3 Bg7 4. e4 d6 5. Nf3 O-O 6. Be2 e5 7. O-O {
Am I REALLY going to play one of the main theory lines? I dunno! Oh, okay, why
not.. ...} Nc6 (7... exd4 8. Nxd4 Re8 9. f3 Nc6 10. Be3 Nh5 {This is a crazy
way to get out of theory. Uncle Vic and I had a State Championship game in the
last round one time when we both wanted to go home that went like this:} 11. g4
Be5 12. gxh5 Bxh2+ 13. Kxh2 Qh4+ 14. Kg1 Qg3+ 15. Kh1 Qh3+ $11) 8. d5 Ne7 9.
Ne1 Nd7 10. Be3 f5 11. f3 f4 12. Bf2 g5 13. Rc1 (13. a4 a5 14. Nd3 b6 15. b4
axb4 16. Nxb4 Nf6 17. Nc6 {Seems like a better (safer) line for White.}) 13...
Rf6 {Well, here it is, what I have prepared against the main line. Come and
get it everyone! Supposedly this just does not work for Black. Howver, if
White makes a mistake he loses his King and if Black messes up he only loses
all his Queenside pieces. WHATEVER!!} 14. Nd3 Rh6 15. b4 Qe8 16. Kh1 (16. Be1
$1 Qh5 17. h3 Nf6 18. Nf2 $16) 16... Qh5 17. Bg1 a6 (17... Nf6 18. Nb5) 18. c5
Nf6 19. cxd6 cxd6 20. Na4 $2 {The mistake Black has to hope for. Far from
obvious what the problem is however. This is why crazy people play the King's
Indian Defense, so we, once in a while, get to play moves like....} (20. Nf2 $1
) 20... Nfxd5 $3 21. exd5 (21. Qd2 $142 Ne3 (21... Be6 $5 22. Nac5 $1 dxc5 23.
Nxc5 Bf7 24. exd5 Nf5 $2 25. Ne4 $11) 22. Nb6 Nxf1 23. Bxf1 Rb8 24. Rc7 Qe8 25.
Nxc8 Nxc8 $14) 21... Nf5 22. Rxc8+ $8 (22. h3 $4 Ng3+ 23. Kh2 Bxh3) 22... Rxc8
23. h3 Ng3+ $6 (23... e4 $142 $1 24. fxe4 $2 (24. Nf2 Ne3 25. Qb1 Rc2 {This is
winning, despite still being a big mess.}) 24... Ng3+ 25. Kh2 Qxe2 26. Qxe2
Nxe2) 24. Kh2 e4 $1 25. Nf2 {The position is so unusual Houdini and Stockfish
disagree on Black's best plan!} Nxf1+ (25... Nxe2 26. Qxe2 exf3 27. Qxf3 Qxf3
28. gxf3 Rc2 29. Kg2 Rxa2 30. Nb6 Rc2 31. Re1 Bd4 32. Re8+ Kf7 33. Rc8 Rxc8 34.
Nxc8 $15) 26. Bxf1 {I do not think I have ever had two Rooks against three
minor pieces before. Whichever team is more active will have a large advantage
given that weird imbalance.} exf3 27. gxf3 {Black's advantage is larger in
this line. But ONLY if I find the best plan. Which I did not.} b5 $2 (27... Qh4
$1 28. Ne4 {I mistakenly thought White was okay here, because I did not see
the following breakthrough:} g4 $1 29. fxg4 f3 $1 30. Qxf3 Rf8 {Black gives up
two pawns so that he can give up his Rook too!} 31. Qe2 Rxf1 32. Qxf1 Be5+ 33.
Kh1 Qxg4 $19) 28. Nb6 Rc3 29. Ng4 Qg6 $8 {I am forced to play a whole string
of clever 'only' moves to keep a miniscule edge.} (29... Rg6 $4 30. Nd7 Rc8 31.
Bd3 $16) 30. Nxh6+ Bxh6 31. a4 Qc2+ 32. Qxc2 Rxc2+ 33. Kh1 {Normally two minor
pieces would win in this type of endgame. I had seen that my Rook was so
active that I wasn't in danger. But can I make something out of this?} bxa4 34.
Nxa4 Ra2 {Great play by Cameron. Not only has he made such a fight out of the
game, he has created some winning chances late in the endgame. I did have
enough time to work out what was going on. I would not want to face this move
with seconds left.} 35. Bxa6 $5 Rxa4 36. b5 Ra1 37. b6 g4 38. b7 Rb1 39. hxg4
$6 {A very small slip by White, but just enough to give Black some hope.} (39.
Kg2 Rb2+ (39... Bg5 $2 40. fxg4 Bd8 41. Kf3 Bc7 $14 42. Bf2) 40. Kh1 (40. Kf1
$4 gxh3 $19) 40... Rb1 $11) 39... Bg5 40. Kg2 Bd8 41. Ba7 $2 Bc7 {After
missing my big chances on moves 23 and 27 I have fought my way back to a half
a pawn advantage. Whoopeee My opponent has played the endgame very well indeed,
but is about to run out of gas.} 42. g5 $1 Ra1 43. b8=Q+ $4 (43. Bb6 $1 Bb8 44.
Bd3 {This could go on for a very long time, at least Black is easier to play.}
Ra3) 43... Bxb8 44. Bxb8 Rxa6 45. Kh3 Kf7 46. Kg4 Ke7 {The White Bishop is
trapped} 47. Kh5 (47. Kxf4 Kd7 48. Kg4 Ra8 49. Bxd6 Kxd6) 47... Ra5 {Nothing
to think about this way. Even the normally greedy computers approve.} 48. Kh6
Rxd5 49. Ba7 Kf7 50. Bf2 Rd1 51. Kh5 Rf1 52. Bb6 Rxf3 53. Kg4 Rf1 54. Bc7 Ke6
0-1

[Event "Apropos Adult Swiss #5"]
[Site "Chess.com"]
[Date "2021.01.16"]
[Round "1"]
[White "Rickert, Samuel"]
[Black "Cohen, Lawrence"]
[Result "1/2-1/2"]
[WhiteElo "1265"]
[BlackElo "1957"]
[Annotator "Lawrence Cohen"]
[PlyCount "100"]
[EventDate "2021.01.16"]
[EventType "swiss"]
[EventRounds "5"]

{[%evp 0,100,37,28,35,-19,48,37,33,33,38,38,34,38,83,49,84,60,81,65,90,57,112,
96,139,116,110,53,53,57,38,-17,320,296,331,331,330,296,297,297,295,277,280,279,
276,172,228,220,215,187,173,170,238,171,237,224,238,238,247,247,239,196,203,
214,213,231,226,195,279,265,275,249,282,164,183,175,181,145,204,178,204,209,
236,170,198,202,200,200,210,170,214,206,197,170,176,180,178,153,358,52,52,30,0]
} 1. d4 Nf6 2. c4 g6 3. Nc3 Bg7 4. e4 d6 5. Nf3 O-O 6. Be2 {Basic Kings Indian
up to this point.} c6 {6...c5 is probably better, but I was planning on the
knight tour to c7 to bolster the d5 push.} 7. O-O Na6 8. Bg5 Nc7 9. Qd2 Re8 {
Not wanting to trade the dark-squared bishops. As long I am not the one taking
that may not be that bad for Black.} 10. Bh6 Bh8 11. h3 a6 {Going for the ...
b5 break, rather than ...d5. Not sure why I changed my mind.} 12. Ng5 b5 13.
Qf4 Ne6 14. Nxe6 Bxe6 15. e5 {Fritz prefers d5 for White, and now gives Black
a slight plus.The only problem being that although I thought about it, I did
not play ...dxe5. It's blundering time.} Nh5 $4 ({I actually looked at ...dxe5,
but figured on having to move the knight anyway. The blunder is avoided by} 
15... dxe5 16. dxe5 Nd7 {The pawn is lost anyway.}) 16. Bxh5 dxe5 ({Of course
not} 16... gxh5 17. Qg5+ {mating.}) 17. dxe5 Bxc4 18. Rfd1 Qc7 19. Re1 {
Black has only one pawn for the piece but hopes to get more.} Be6 20. Bg4 Bxg4
21. hxg4 (21. Qxg4 Bxe5) 21... Rad8 22. Ne4 Qxe5 {Apparently ...Bxe5 is better,
but I wanted to get the Queens off the board to greatly reduce White's
attacking chances.} 23. Qxe5 Bxe5 24. Re2 ({If} 24. Rac1 {(to trade pawns) I
would have responded with} Rc8 {I do hope to at some point be able to push the
c-pawn.}) 24... a5 25. Rae1 Rc8 26. Nc3 Bd6 27. Ne4 Be5 28. Nc5 {I would say
White is looking for a win. That means avoiding repetition with the knight and
my bishop.} Bd6 29. Nb7 Bb4 30. Bd2 Bxd2 31. Rxd2 a4 32. Rd7 Kf8 33. Nc5 f6 $2
{At this point the move should have been ...e6. In place of a good move I make
what I thought was a mistake.} 34. f3 ({Fritz prefers} 34. Red1) ({I thought
that Ne6+ followed by Nc7 won off the e-pawn. What I missed was} 34. Ne6+ Kf7
35. Nc7 Rcd8 $1 {holding onto the pawn as} 36. Nxe8 Rxd7 {wins off the knight.}
) 34... Kf7 35. Kf2 Rcd8 36. Red1 Rxd7 37. Rxd7 Rc8 38. Ke3 Ke8 39. Rd2 Ra8 40.
Ne6 Rb8 41. Rc2 (41. g5 {is a better move. Trading off one of the doubled
pawns is good. If} f5 42. Kf4 {followed by either g4 or Ke5 look good for
White.}) 41... Kd7 42. Nc5+ Kd6 43. Ne4+ Kc7 44. Nc5 Kd6 45. Ne4+ Kc7 46. Rd2 {
Looking to avoid the draw by repetition.} Kb6 47. Rd7 Re8 48. Kd4 c5+ {I
almost didn't make this move as I saw that Kd5 was playable for White. However,
I set the trap and my opponent fell for it.} 49. Nxc5 Kc6 50. a3 e5+ {Here I
offered a draw, which my opponent accepted. After the King moves I win the
knight, but lose the h-pawn. That creates a Rook and pawn ending with five
pawns apiece. I have a slight advantage due to White's doubled pawns, but I
wanted to rest up for the next game.} 1/2-1/2

[Event "Apropos Adult Swiss #5"]
[Site "Chess.com"]
[Date "2021.01.16"]
[Round "3"]
[White "Cohen, Lawrence"]
[Black "Witt, Steven"]
[Result "1/2-1/2"]
[WhiteElo "1957"]
[BlackElo "1930"]
[Annotator "Lawrence Cohen"]
[PlyCount "39"]
[EventDate "2021.01.16"]
[EventType "swiss"]
[EventRounds "5"]

{[%evp 0,39,40,-9,0,-65,-17,-14,-6,-1,-6,-11,9,9,9,9,28,22,35,9,19,4,14,-6,19,
17,20,4,23,-18,-18,-18,-19,-19,-19,-19,-19,-19,-15,-15,-6,-50]} 1. c4 Nf6 2. g3
e6 3. Bg2 d5 4. cxd5 exd5 5. d4 c5 6. Nf3 {It is a little rare for me to play
the Knight here. I usually like the set up with Knights on c3 and e2. Maybe
just e3 should have been played.} Nc6 7. O-O Be7 8. Nc3 O-O 9. Bg5 Be6 10. Rb1
{Getting the Rook of the diagonal, as I was thinking about taking on f6.
Better would have bee Rc1 with the idea of dxc5 followed by Na4 & Nc5} b6 11.
Ne5 {Maybe e3 was better. I was figuring that I would get the pawn back. I did
not think about the kind of play that Black might get.} Nxd4 12. e3 Nf5 13. Nc6
Qc7 14. Nxe7+ Nxe7 15. Bxf6 gxf6 16. Nxd5 Nxd5 17. Bxd5 Rad8 18. e4 Bxd5 19.
exd5 Qe5 20. Qa4 {I offered a draw and my opponenet accepted. The pawn trade
would be fine for White. Rd7 can'r be played, so only Ra8 would guard the a
pawn. If 20...Ra8, 21 Rfd1 is even.} 1/2-1/2

[Event "Apropos Adult Swiss #5"]
[Site "Chess.com"]
[Date "2021.01.17"]
[Round "4"]
[White "Thompson, Cameron"]
[Black "Cohen, Lawrence"]
[Result "0-1"]
[WhiteElo "1747"]
[BlackElo "1957"]
[Annotator "Lawrence Cohen"]
[PlyCount "200"]
[EventDate "2021.01.16"]
[EventType "swiss"]
[EventRounds "5"]

{[%evp 0,200,30,16,25,-3,35,25,37,39,39,32,34,30,34,46,58,57,62,60,65,32,53,44,
47,47,43,40,120,103,112,91,122,129,127,96,94,50,74,25,28,-10,82,20,89,25,88,59,
73,27,29,31,106,106,106,-50,-120,-155,-130,-155,-67,-113,-123,-172,-167,-159,
-18,-27,-24,-46,-43,-27,-32,-38,-38,-54,-19,-36,-18,-81,-80,-67,-61,-96,-54,
-82,-82,-63,-64,-53,-54,-72,-65,-105,-68,-67,-61,-101,-54,-84,-9,-16,0,-3,0,
-16,0,0,0,0,29,-42,-77,-78,-62,-104,-34,-258,-228,-266,-277,-280,-276,-272,
-294,-309,-266,-307,-290,-329,-330,-335,-321,-335,-326,-350,-329,-350,-360,
-362,-359,-359,-359,-363,-364,-363,-369,-366,-365,-365,-365,-368,-363,-377,
-363,-389,-384,-426,-431,-431,-411,-406,-378,-384,-384,-384,-377,-377,-376,
-376,-381,-368,-371,-371,-371,-375,-350,-375,-375,-375,-390,-401,-399,-426,
-407,-478,-524,-547,-537,-547,-554,-784,-537,-567,-567,-1718,-586,-722,-962,
-992,-1012,-1469,-29976]} 1. d4 Nf6 2. c4 g6 3. Nc3 Bg7 4. e4 d6 5. Nf3 O-O 6.
Be2 Bg4 7. Be3 c6 {I don't know why I lkie to play this move.} 8. Qd2 Re8 9. h3
Bxf3 {I could retreat to d7 and then play Na6 followed by Nc7. I decided to
trade.} 10. gxf3 {An aggressive attacking move} Nbd7 11. f4 e5 12. fxe5 dxe5
13. d5 c5 {This is what I hoped for when I played e5. The pawns are pretty
well fixed. That makes my opponents Bishops a little less effective.} 14. h4 h5
15. Rg1 Kh7 16. O-O-O a6 17. a4 Qc7 {ms} 18. Rg5 Qa5 {This was the intended
move last turn. I was fortunate that the slip only cost me a tempo} 19. Rdg1
Qb4 20. Kc2 Rab8 21. Qd1 Rh8 {I saw the sacrifice coming and took action.} 22.
Bxh5 Nxh5 23. Qxh5+ Kg8 {Not 23...gxh5??, 24 Rxg7 mate} 24. Qg4 Nf6 25. Qe2 b5
{I'm not sure why I didn't immediately take the h pawn.} 26. axb5 axb5 {
Diagram [#]} 27. b3 {27 Nxb5 allows Nxe4 as well as the sacrifice of Rxb4.. If
27 cxb5 Nxe4, 28 Nxe4 Qxe4 when the d5 pawn is hanging.} Rxh4 28. f3 bxc4 29.
Qxc4 Qxc4 30. bxc4 Bh6 31. Bxc5 (31. Rxg6+ fxg6 32. Rxg6+ Kh7 33. Rxf6 Bxe3 {
Leaving Black up the Rook to the 2 pawns.}) 31... Bxg5 32. Rxg5 Rc8 33. Be7 Nd7
{Best was 33...Rf4 holding the Knight and winning a pawn.} 34. Rxg6+ fxg6 35.
Bxh4 {This won White a pawn, but it also means White has less pieces to work
with.} Rxc4 36. Kd3 Rd4+ 37. Ke3 Kg7 {I want to move the Knight, but I do not
want to allow Bf6 after} 38. Bg5 Nc5 39. Ne2 Rd3+ 40. Kf2 Kf7 {To prevent Be7
followed by d6} 41. Be3 Nd7 {Na4 was a little better. I was thinking more of
protecting the pawn, while bringing the King around and in.} 42. Ng1 Ra3 43.
Nh3 Ra2+ 44. Kg3 Re2 45. Bf2 Kf6 46. Kg2 Rc2 {If 46...Nc5, 47 Kf1 would be
annoying, although I could follow with Rc2} 47. Kf1 Ke7 {Back to the idea of
bringing the King around} 48. Be1 Rb2 49. Nf2 Kd6 50. Nd3 Rc2 {I can no
longeer stop Bb4ch, so I keep the Rook pinning back the King} 51. Bb4+ Kc7 52.
Ke1 Rc4 53. Kd2 g5 {Planning the pawn trade with the psuedo sacrifice} 54. Ba5+
Kc8 55. Bc3 g4 56. fxg4 Rxe4 57. g5 Kc7 58. Ba5+ {Bb4 keeping my King out is
much better} Kd6 59. Bb4+ Kxd5 60. Be7 Ke6 61. Bd8 Kf5 {I should now be able
to win of White's last pawn.} 62. Nf2 Rf4 63. Ke3 e4 {63...Nc5 (or Nf8) with
the idea of Ne6 to win off the pawn is another plan} 64. Bc7 Rf3+ 65. Ke2 Rc3
66. Ba5 Rb3 67. g6 Rg3 {My mind went blank for a minute here as to how to stop
the pawn. Then I saw the obvious move to win it off.} 68. Bd2 Rxg6 69. Nd1 Rg2+
70. Ke1 {If Ke3 Nb6 followed by Nc4ch could be a problem} Rh2 71. Ne3+ Ke6 72.
Ng4 Rh4 73. Ne3 Ne5 {Bringing the Knight to the f3 post} 74. Ke2 Rh2+ 75. Kd1
Nf3 76. Bc3 Kd6 77. Ng4 Ra2 78. Bf6 Rd2+ 79. Kc1 Rg2 80. Ne3 Rg6 81. Bc3 Kc5
82. Kd1 Rd6+ 83. Ke2 Rd3 84. Ba5 Kb5 85. Bc7 Rd2+ 86. Kf1 Nh2+ 87. Kg1 Re2 {
A trade is good for Black.} 88. Nf5 Nf3+ 89. Kf1 Ra2 {I do not want to allow
the King off of the rank.} 90. Bf4 Kc4 91. Ne3+ Kd3 {The King gets closer,
which is not good for White} 92. Nd5 Rb2 93. Bh6 Nh2+ 94. Kg1 Ng4 95. Nf4+ Kc4
96. Bg7 Ra2 97. Kf1 Ne3+ 98. Ke1 Ng2+ {The Knight trade is forced, and White
is thus lost.} 99. Nxg2 Rxg2 100. Be5 Kd3 {The pawn will push to e2 and
eventually the Rook will get to f1 costing White the Bishop for the pawn.} 0-1